ARRUPE JESUIT UNIVERSITY

CORONAVIRUS -STOP THE SPREAD - CLEAN,DISINFECT,COVER

To be and not to be (Record no. 61532)

MARC details
000 -LEADER
fixed length control field 00586nam a2200229Ia 4500
003 - CONTROL NUMBER IDENTIFIER
control field 0100
008 - FIXED-LENGTH DATA ELEMENTS--GENERAL INFORMATION
fixed length control field 130303s9999 xx 000 0 und d
040 ## - CATALOGING SOURCE
Transcribing agency ARRUPELIB
050 ## - LIBRARY OF CONGRESS CALL NUMBER
Classification number B2430.S34S3 1962
300 ## - PHYSICAL DESCRIPTION
Other physical details 155p. 21cm.
100 ## - MAIN ENTRY--PERSONAL NAME
Personal name Salvan, Jacques
245 ## - TITLE STATEMENT
Title To be and not to be
245 ## - TITLE STATEMENT
Remainder of title an analysis of Jean-Paul Sartre's ontology
260 ## - PUBLICATION, DISTRIBUTION, ETC. (IMPRINT)
Place of publication, distribution, etc Detroit
260 ## - PUBLICATION, DISTRIBUTION, ETC. (IMPRINT)
Name of publisher, distributor, etc Wayne State University Press
260 ## - PUBLICATION, DISTRIBUTION, ETC. (IMPRINT)
-- 1962
300 ## - PHYSICAL DESCRIPTION
Extent xlii
650 ## - SUBJECT ADDED ENTRY--TOPICAL TERM
Topical term following geographic name as entry element Duns Scotus, John
650 ## - SUBJECT ADDED ENTRY--TOPICAL TERM
Location of event Metaphysics - History
650 ## - SUBJECT ADDED ENTRY--TOPICAL TERM
Active dates Philosophy, medieval
942 ## - ADDED ENTRY ELEMENTS (KOHA)
Source of classification or shelving scheme Library of Congress Classification
Koha issues (borrowed), all copies 1
Holdings
Withdrawn status Lost status Source of classification or shelving scheme Damaged status Not for loan Collection code Home library Current library Shelving location Date acquired Total Checkouts Full call number Barcode Date last seen Date checked out Copy number Price effective from Koha item type
    Library of Congress Classification     Main Collection ARRUPE LIBRARY ARRUPE LIBRARY   05/03/2013 6 B2430.S34S3 1962 46003093840 08/05/2024 16/04/2024 1 05/03/2013 Monograph ( Printed materials)

 

Arrupe Library. PO Box MP320 Mt Pleasant, Harare, Zimbabwe
263 242 745411|librarian@aju.ac.zw